[Event "MARIENBAD OPEN 2020 - A, B - closed tournaments"]
[Site "?"]
[Date "2020.01.23"]
[Round "7"]
[White "Baenziger, Fabian"]
[Black "Dev, Shah"]
[Result "1-0"]
[BlackElo "2320"]
[WhiteElo "2412"]
[LiveChessVersion "1.4.8"]

1. d4 d5 {[%clk 1:30:12]} 2. c4 {[%clk 1:30:47]} c6 {[%clk 1:30:24]} 3. Nc3
{[%clk 1:30:43]} Nf6 {[%clk 1:30:45]} 4. e3 {[%clk 1:30:32]} e6 {[%clk 1:30:59]}
5. Nf3 {[%clk 1:30:39]} Nbd7 {[%clk 1:31:21]} 6. Qc2 {[%clk 1:30:21]} b6
{[%clk 1:31:23]} 7. b3 {[%clk 1:27:04]} Bb7 {[%clk 1:30:56]} 8. Bb2
{[%clk 1:27:10]} Be7 {[%clk 1:30:53]} 9. Be2 {[%clk 1:27:00]} O-O
{[%clk 1:30:37]} 10. O-O {[%clk 1:27:16]} Qc7 {[%clk 1:27:58]} 11. Rad1
{[%clk 1:25:09]} Rad8 {[%clk 1:22:16]} 12. Ne5 {[%clk 1:16:17]} c5
{[%clk 1:16:38]} 13. Nxd7 {[%clk 1:02:11]} Nxd7 {[%clk 1:11:12]} 14. cxd5
{[%clk 1:00:26]} exd5 {[%clk 1:09:45]} 15. Nb5 {[%clk 0:49:37]} Qb8
{[%clk 1:08:13]} 16. dxc5 {[%clk 0:46:52]} bxc5 {[%clk 0:58:18]} 17. Rd2
{[%clk 0:39:34]} a6 {[%clk 0:49:43]} 18. Nc3 {[%clk 0:39:42]} Nb6
{[%clk 0:49:56]} 19. Bd3 {[%clk 0:31:06]} h6 {[%clk 0:48:30]} 20. Ne2
{[%clk 0:30:32]} Bd6 {[%clk 0:30:02]} 21. Ng3 {[%clk 0:29:11]} Nd7
{[%clk 0:29:25]} 22. f4 {[%clk 0:23:33]} d4 {[%clk 0:27:31]} 23. Nh5
{[%clk 0:22:52]} Be7 {[%clk 0:25:03]} 24. exd4 {[%clk 0:21:48]} Nf6
{[%clk 0:25:07]} 25. Nxf6+ {[%clk 0:19:11]} Bxf6 {[%clk 0:25:21]} 26. dxc5
{[%clk 0:19:00]} Bxb2 {[%clk 0:25:26]} 27. Qxb2 {[%clk 0:19:26]} Rd5
{[%clk 0:22:12]} 28. Bc4 {[%clk 0:11:25]} Rxc5 {[%clk 0:21:59]} 29. f5
{[%clk 0:10:56]} Rd8 {[%clk 0:16:59]} 30. Rd4 {[%clk 0:08:55]} Rxd4
{[%clk 0:14:14]} 31. Qxd4 {[%clk 0:09:19]} Qe5 {[%clk 0:07:50]} 32. Qxe5
{[%clk 0:09:13]} Rxe5 {[%clk 0:08:19]} 33. Rd1 {[%clk 0:09:34]} Bc6
{[%clk 0:06:46]} 34. Rd8+ {[%clk 0:05:51]} Kh7 {[%clk 0:06:08]} 35. g4
{[%clk 0:05:39]} h5 {[%clk 0:03:33]} 36. Bxf7 {[%clk 0:05:06]} Be4
{[%clk 0:02:46]} 37. Bg6+ {[%clk 0:05:06]} Kh6 {[%clk 0:02:56]} 38. h4
{[%clk 0:05:30]} 1-0

[Event "MARIENBAD OPEN 2020 - A, B - closed tournaments"]
[Site "?"]
[Date "2020.01.23"]
[Round "7"]
[White "Bracker, Arne"]
[Black "Makarian, Rudik"]
[Result "1-0"]
[BlackElo "2403"]
[WhiteElo "2243"]
[LiveChessVersion "1.4.8"]

1. e4 {[%clk 1:30:56]} c5 {[%clk 1:30:50]} 2. Nf3 {[%clk 1:31:00]} e6
{[%clk 1:30:42]} 3. d4 {[%clk 1:31:17]} cxd4 {[%clk 1:31:07]} 4. Nxd4
{[%clk 1:31:41]} Nc6 {[%clk 1:31:34]} 5. Nc3 {[%clk 1:31:57]} Qc7
{[%clk 1:31:53]} 6. Be3 {[%clk 1:31:57]} a6 {[%clk 1:32:14]} 7. Qf3
{[%clk 1:32:08]} Ne5 {[%clk 1:32:39]} 8. Qg3 {[%clk 1:32:23]} Bd6
{[%clk 1:32:49]} 9. f4 {[%clk 1:15:45]} Ng6 {[%clk 1:33:17]} 10. e5
{[%clk 1:15:34]} Bb4 {[%clk 1:33:44]} 11. O-O-O {[%clk 1:09:09]} Bxc3
{[%clk 1:34:11]} 12. bxc3 {[%clk 1:09:30]} b5 {[%clk 1:33:58]} 13. f5 exf5
{[%clk 1:09:56]} 14. Nxf5 {[%clk 0:59:29]} Qxe5 {[%clk 1:06:27]} 15. Nd6+
{[%clk 0:56:01]} Ke7 {[%clk 0:43:35]} 16. Bg5+ {[%clk 0:54:48]} Ke6
{[%clk 0:37:35]} 17. Re1 {[%clk 0:53:56]} Qxe1+ {[%clk 0:38:01]} 18. Qxe1+
{[%clk 0:54:15]} Kxd6 {[%clk 0:38:29]} 19. Qe4 {[%clk 0:54:13]} N8e7
{[%clk 0:37:39]} 20. Bxe7+ {[%clk 0:52:38]} Nxe7 {[%clk 0:38:05]} 21. Qxa8
{[%clk 0:52:50]} Nc6 {[%clk 0:38:32]} 22. Be2 {[%clk 0:52:45]} 1-0

[Event "MARIENBAD OPEN 2020 - A, B - closed tournaments"]
[Site "?"]
[Date "2020.01.23"]
[Round "7"]
[White "Roesemann, Rainer"]
[Black "Plischki, Sebastian"]
[Result "1/2-1/2"]
[BlackElo "2387"]
[WhiteElo "2231"]
[LiveChessVersion "1.4.8"]

1. c4 {[%clk 1:30:56]} Nf6 {[%clk 1:30:46]} 2. g3 {[%clk 1:31:16]} g6
{[%clk 1:31:01]} 3. Bg2 {[%clk 1:31:41]} Bg7 {[%clk 1:31:19]} 4. Nc3
{[%clk 1:32:05]} O-O {[%clk 1:31:34]} 5. e4 {[%clk 1:32:31]} d6 {[%clk 1:31:52]}
6. Nge2 {[%clk 1:32:53]} c5 {[%clk 1:32:10]} 7. d3 {[%clk 1:33:11]} Nc6
{[%clk 1:30:38]} 8. O-O {[%clk 1:33:27]} Bg4 {[%clk 1:30:30]} 9. f3
{[%clk 1:33:41]} Bd7 {[%clk 1:30:54]} 10. Be3 {[%clk 1:33:59]} a6
{[%clk 1:31:08]} 11. a4 {[%clk 1:32:34]} Rb8 {[%clk 1:30:45]} 12. Qd2
{[%clk 1:32:31]} Ne8 {[%clk 1:29:50]} 13. d4 {[%clk 1:32:43]} cxd4
{[%clk 1:29:53]} 14. Nxd4 {[%clk 1:33:03]} Na5 {[%clk 1:27:19]} 15. Qd3
{[%clk 1:16:48]} Rc8 {[%clk 1:25:13]} 16. b3 {[%clk 0:49:20]} Bxd4
{[%clk 1:14:58]} 17. Qxd4 {[%clk 0:38:16]} Nxb3 {[%clk 1:14:58]} 18. Qd1
{[%clk 0:38:27]} Nxa1 {[%clk 1:15:17]} 19. Nd5 {[%clk 0:33:58]} Nf6
{[%clk 1:11:26]} 20. Nb6 {[%clk 0:29:36]} Rc6 {[%clk 1:05:47]} 21. a5
{[%clk 0:29:41]} Be6 {[%clk 1:03:29]} 22. Qxa1 {[%clk 0:27:58]} Bxc4
{[%clk 1:01:30]} 23. Rd1 {[%clk 0:27:25]} Qc7 {[%clk 0:59:52]} 24. h4
{[%clk 0:26:42]} Re8 {[%clk 0:55:54]} 25. g4 {[%clk 0:26:19]} Nd7
{[%clk 0:52:56]} 26. Qb2 {[%clk 0:22:13]} Nxb6 {[%clk 0:51:03]} 27. axb6
{[%clk 0:22:29]} Qd7 {[%clk 0:50:03]} 28. h5 {[%clk 0:21:53]} e5 {[%clk 0:49:18]}
29. Qf2 {[%clk 0:21:27]} Qe6 {[%clk 0:47:40]} 30. Qh4 {[%clk 0:21:29]} Bb3
{[%clk 0:43:34]} 31. Re1 {[%clk 0:19:21]} a5 {[%clk 0:42:51]} 32. Kf2
{[%clk 0:19:01]} a4 {[%clk 0:39:14]} 33. Rh1 {[%clk 0:18:59]} a3 {[%clk 0:38:18]}
34. Bh3 {[%clk 0:17:59]} a2 {[%clk 0:37:36]} 35. g5 {[%clk 0:06:11]} Qe7
{[%clk 0:37:57]} 36. Bf5 {[%clk 0:04:36]} gxf5 {[%clk 0:37:46]} 37. exf5
{[%clk 0:04:55]} Ra8 {[%clk 0:34:19]} 38. f6 {[%clk 0:04:03]} Qe6
{[%clk 0:34:01]} 39. g6 {[%clk 0:03:56]} a1=Q {[%clk 0:33:30]} 40. Rxa1
{[%clk 0:04:07]} Rxa1 {[%clk 0:33:28]} 41. gxh7+ {[%clk 0:04:24]} Kxh7
{[%clk 0:28:21]} 42. Qg5 {[%clk 0:04:18]} Rc2+ {[%clk 0:26:12]} 43. Kg3
{[%clk 0:04:14]} Qxf6 {[%clk 0:26:18]} 44. Qxf6 {[%clk 0:04:36]} Raa2
{[%clk 0:26:13]} 45. Qh6+ {[%clk 0:01:16]} 1/2-1/2

[Event "MARIENBAD OPEN 2020 - A, B - closed tournaments"]
[Site "?"]
[Date "2020.01.23"]
[Round "7"]
[White "Grabarczyk, Miroslaw"]
[Black "Steiner, Bruno"]
[Result "1-0"]
[BlackElo "2117"]
[WhiteElo "2366"]
[LiveChessVersion "1.4.8"]

1. d4 {[%clk 1:30:54]} Nf6 {[%clk 1:29:59]} 2. Nf3 {[%clk 1:30:13]} d5
{[%clk 1:29:45]} 3. g3 {[%clk 1:30:12]} Bf5 {[%clk 1:26:46]} 4. Bg2
{[%clk 1:29:31]} c6 {[%clk 1:26:40]} 5. O-O {[%clk 1:28:48]} h6 {[%clk 1:25:30]}
6. c4 {[%clk 1:24:05]} e6 {[%clk 1:25:13]} 7. Nc3 {[%clk 1:22:06]} Nbd7
{[%clk 1:18:14]} 8. Nd2 {[%clk 1:19:51]} Be7 {[%clk 1:15:43]} 9. e4
{[%clk 1:19:49]} dxe4 {[%clk 1:16:02]} 10. Ndxe4 {[%clk 1:20:10]} O-O
{[%clk 1:14:02]} 11. Be3 {[%clk 1:10:11]} Nxe4 {[%clk 1:12:05]} 12. Nxe4
{[%clk 1:10:26]} Nf6 {[%clk 1:12:08]} 13. Nc3 {[%clk 1:02:37]} Qc7
{[%clk 1:06:55]} 14. h3 {[%clk 0:52:56]} Rfd8 {[%clk 1:06:39]} 15. Qb3
{[%clk 0:52:30]} Rd7 {[%clk 1:01:42]} 16. Rac1 {[%clk 0:47:55]} Qa5
{[%clk 0:51:40]} 17. Rfd1 {[%clk 0:41:10]} Rad8 {[%clk 0:50:06]} 18. Kh2
{[%clk 0:38:45]} Bg6 {[%clk 0:48:51]} 19. Rd2 {[%clk 0:35:26]} Kf8
{[%clk 0:30:35]} 20. a3 {[%clk 0:33:16]} Bd6 {[%clk 0:16:34]} 21. Kg1
{[%clk 0:28:27]} Qh5 {[%clk 0:14:51]} 22. d5 {[%clk 0:25:16]} exd5
{[%clk 0:12:28]} 23. cxd5 {[%clk 0:25:21]} cxd5 {[%clk 0:12:39]} 24. Bxa7
{[%clk 0:24:09]} Bf5 {[%clk 0:09:21]} 25. Qd1 {[%clk 0:19:43]} Qg6
{[%clk 0:06:55]} 26. Nb5 {[%clk 0:18:00]} Be5 {[%clk 0:05:33]} 27. Bd4
{[%clk 0:12:29]} Bxd4 {[%clk 0:04:54]} 28. Rxd4 {[%clk 0:11:22]} Be4
{[%clk 0:03:47]} 29. Nc3 {[%clk 0:08:21]} Bxg2 {[%clk 0:03:07]} 30. Kxg2
{[%clk 0:08:44]} Kg8 {[%clk 0:03:31]} 31. Qf3 {[%clk 0:07:56]} Rd6
{[%clk 0:02:54]} 32. Rcd1 {[%clk 0:07:07]} Qg5 {[%clk 0:02:37]} 33. Re1
{[%clk 0:05:03]} R6d7 {[%clk 0:02:37]} 34. h4 {[%clk 0:05:02]} Qg6
{[%clk 0:02:48]} 35. Red1 {[%clk 0:05:25]} Qc2 {[%clk 0:02:35]} 36. R1d2
{[%clk 0:05:36]} Qb3 {[%clk 0:02:19]} 37. Rb4 {[%clk 0:05:23]} Ne4
{[%clk 0:01:47]} 38. Re2 {[%clk 0:04:18]} 1-0

[Event "MARIENBAD OPEN 2020 - A, B - closed tournaments"]
[Site "?"]
[Date "2020.01.23"]
[Round "7"]
[White "Michalek, Jan"]
[Black "Sernecki, Franciszek"]
[Result "1/2-1/2"]
[BlackElo "2204"]
[WhiteElo "2251"]
[LiveChessVersion "1.4.8"]

1. e4 {[%clk 1:30:41]} c6 {[%clk 1:30:53]} 2. d4 {[%clk 1:26:03]} d5
{[%clk 1:31:17]} 3. Nc3 {[%clk 1:26:20]} dxe4 {[%clk 1:31:42]} 4. Nxe4
{[%clk 1:26:42]} Nd7 {[%clk 1:31:09]} 5. Nf3 {[%clk 1:25:55]} Ngf6
{[%clk 1:30:20]} 6. Nxf6+ {[%clk 1:24:20]} Nxf6 {[%clk 1:30:28]} 7. Bc4
{[%clk 1:24:16]} e6 {[%clk 1:24:03]} 8. O-O {[%clk 1:21:35]} Be7 {[%clk 1:18:23]}
9. Qe2 {[%clk 1:19:48]} O-O {[%clk 1:01:49]} 10. Re1 {[%clk 1:12:41]} c5
{[%clk 0:49:54]} 11. Bg5 {[%clk 1:11:27]} Qc7 {[%clk 0:46:26]} 12. Rad1
{[%clk 1:10:30]} a6 {[%clk 0:39:24]} 13. dxc5 {[%clk 1:06:11]} Qxc5
{[%clk 0:37:03]} 14. Ne5 {[%clk 0:53:38]} b5 {[%clk 0:21:43]} 15. Qf3
{[%clk 0:51:21]} Rb8 {[%clk 0:19:52]} 16. Bd3 {[%clk 0:50:09]} h6
{[%clk 0:18:26]} 17. Bf4 {[%clk 0:47:33]} Bb7 {[%clk 0:12:02]} 18. Qh3
{[%clk 0:47:34]} Rbd8 {[%clk 0:09:02]} 19. Bxh6 {[%clk 0:27:50]} gxh6
{[%clk 0:09:08]} 20. Qg3+ {[%clk 0:19:40]} Kh8 {[%clk 0:09:11]} 21. Qf4
{[%clk 0:19:51]} Kg7 {[%clk 0:06:19]} 22. Qg3+ {[%clk 0:07:30]} Kh8
{[%clk 0:06:40]} 1/2-1/2

[Event "MARIENBAD OPEN 2020 - A, B - closed tournaments"]
[Site "?"]
[Date "2020.01.23"]
[Round "7"]
[White "Vagman, Roy"]
[Black "Stigar, Petter"]
[Result "1/2-1/2"]
[BlackElo "2217"]
[WhiteElo "2089"]
[LiveChessVersion "1.4.8"]

1. e4 e5 2. Nf3 Nf6 3. Nxe5 d6 4. Nf3 Nxe4 5. c4 Nc6 6. Nc3 Nxc3 7. dxc3 Be7 8.
h3 Bf5 9. Nd4 Nxd4 10. cxd4 O-O 11. Qf3 Qd7 12. Be2 Bf6 13. Be3 Rfe8 14. O-O Be4
15. Qg4 Bf5 16. Qf3 Be4 17. Qg4 Bf5 18. Qf3 1/2-1/2

[Event "MARIENBAD OPEN 2020 - A, B - closed tournaments"]
[Site "?"]
[Date "2020.01.23"]
[Round "7"]
[White "Abhilash, Reddy M.L."]
[Black "Tymrakiewicz, Rafal"]
[Result "1/2-1/2"]
[BlackElo "2254"]
[WhiteElo "2258"]
[LiveChessVersion "1.4.8"]

1. d4 {[%clk 1:30:51]} d5 {[%clk 1:30:38]} 2. Nf3 {[%clk 1:31:11]} c5
{[%clk 1:27:47]} 3. e3 {[%clk 1:30:29]} cxd4 {[%clk 1:27:17]} 4. exd4
{[%clk 1:30:50]} Nc6 {[%clk 1:27:42]} 5. Bd3 {[%clk 1:28:38]} g6 {[%clk 1:23:51]}
6. c3 {[%clk 1:28:45]} Nh6 {[%clk 1:20:06]} 7. Bf4 {[%clk 1:28:06]} Bg7
{[%clk 1:20:14]} 8. Qd2 {[%clk 1:21:45]} Nf5 {[%clk 1:19:49]} 9. Na3
{[%clk 1:21:48]} a6 {[%clk 1:16:11]} 10. h4 {[%clk 1:15:13]} h5 {[%clk 0:58:55]}
11. Nc2 {[%clk 1:05:36]} b5 {[%clk 0:44:17]} 12. Ne5 {[%clk 1:01:19]} Qb6
{[%clk 0:37:18]} 13. Qe2 {[%clk 0:58:44]} Ra7 {[%clk 0:32:39]} 14. Nxc6
{[%clk 0:54:42]} Qxc6 {[%clk 0:33:07]} 15. Nb4 {[%clk 0:55:06]} Qd7
{[%clk 0:23:07]} 16. a4 {[%clk 0:50:56]} bxa4 {[%clk 0:21:38]} 17. Bc2
{[%clk 0:42:19]} O-O {[%clk 0:18:43]} 18. Bxa4 {[%clk 0:41:30]} Qb7
{[%clk 0:12:01]} 19. Nc6 {[%clk 0:34:29]} Ra8 {[%clk 0:11:53]} 20. Na5
{[%clk 0:34:46]} Qb6 {[%clk 0:09:22]} 21. Bc6 {[%clk 0:32:27]} Ra7
{[%clk 0:09:36]} 22. Bxd5 {[%clk 0:31:56]} Bd7 {[%clk 0:05:18]} 23. Nc4
{[%clk 0:28:46]} Qd8 {[%clk 0:04:17]} 24. Ne5 {[%clk 0:21:56]} Bb5
{[%clk 0:03:30]} 25. Bc4 {[%clk 0:21:52]} Bxc4 {[%clk 0:02:11]} 26. Qxc4
{[%clk 0:20:00]} Qb6 {[%clk 0:02:20]} 27. Qe2 {[%clk 0:04:28]} Qb7
{[%clk 0:02:20]} 28. Nf3 {[%clk 0:04:42]} Bf6 {[%clk 0:02:27]} 29. Ra5
{[%clk 0:04:19]} e6 {[%clk 0:01:32]} 30. Bg5 {[%clk 0:02:09]} Bg7
{[%clk 0:01:41]} 31. O-O {[%clk 0:02:28]} Rb8 {[%clk 0:01:53]} 32. b4
{[%clk 0:02:05]} Rc8 {[%clk 0:02:13]} 33. Bd2 {[%clk 0:02:19]} Bf6
{[%clk 0:02:03]} 34. Rfa1 {[%clk 0:02:44]} Rca8 {[%clk 0:01:42]} 35. Qc4
{[%clk 0:01:53]} Bd8 {[%clk 0:00:56]} 36. R5a4 {[%clk 0:02:00]} Bxh4
{[%clk 0:00:53]} 37. Qe2 {[%clk 0:01:41]} Bd8 {[%clk 0:01:01]} 38. c4
{[%clk 0:01:44]} Bf6 {[%clk 0:01:18]} 39. Bc3 {[%clk 0:01:41]} h4
{[%clk 0:01:27]} 40. Ra5 {[%clk 0:01:03]} Qc8 {[%clk 0:00:45]} 41. Ne5
{[%clk 0:20:43]} Qb7 {[%clk 0:21:14]} 42. Qd3 {[%clk 0:10:16]} Rd8
{[%clk 0:15:41]} 43. Rd1 {[%clk 0:09:20]} Raa8 {[%clk 0:15:41]} 44. d5
{[%clk 0:07:40]} Bxe5 {[%clk 0:06:29]} 45. Bxe5 {[%clk 0:07:57]} Qxb4
{[%clk 0:06:57]} 46. Bc3 {[%clk 0:03:29]} Qe7 {[%clk 0:07:20]} 47. Qe4
{[%clk 0:02:37]} exd5 {[%clk 0:05:53]} 48. Qxe7 {[%clk 0:03:00]} Nxe7
{[%clk 0:06:16]} 49. Bf6 {[%clk 0:03:04]} Rd7 {[%clk 0:06:44]} 50. Bxh4
{[%clk 0:01:54]} Kg7 {[%clk 0:04:01]} 51. Bxe7 Rxe7 {[%clk 0:04:28]} 52. cxd5
{[%clk 0:01:09]} Rd7 {[%clk 0:04:21]} 53. Rc1 {[%clk 0:01:01]} Rad8
{[%clk 0:01:39]} 54. Rc6 {[%clk 0:01:13]} Rxd5 {[%clk 0:01:53]} 55. Rxd5
{[%clk 0:01:42]} Rxd5 {[%clk 0:02:16]} 56. Rxa6 {[%clk 0:02:11]} Rd1+
{[%clk 0:02:17]} 1/2-1/2

[Event "MARIENBAD OPEN 2020 - A, B - closed tournaments"]
[Site "?"]
[Date "2020.01.23"]
[Round "7"]
[White "Hilwerda, Jonas"]
[Black "Tancsa, Tamas"]
[Result "1-0"]
[BlackElo "2193"]
[WhiteElo "2230"]
[LiveChessVersion "1.4.8"]

1. e4 {[%clk 1:30:59]} e5 {[%clk 1:30:30]} 2. Nf3 {[%clk 1:31:24]} Nc6
{[%clk 1:30:48]} 3. d4 {[%clk 1:31:50]} exd4 {[%clk 1:31:09]} 4. Nxd4
{[%clk 1:32:17]} Nf6 {[%clk 1:31:28]} 5. Nxc6 {[%clk 1:32:42]} bxc6
{[%clk 1:31:47]} 6. e5 {[%clk 1:33:08]} Qe7 {[%clk 1:32:03]} 7. Qe2
{[%clk 1:33:36]} Nd5 {[%clk 1:32:26]} 8. h4 {[%clk 1:34:01]} d6 {[%clk 1:28:01]}
9. c4 {[%clk 1:34:26]} Nb6 {[%clk 1:17:32]} 10. exd6 {[%clk 1:34:50]} cxd6
{[%clk 1:14:36]} 11. Be3 {[%clk 1:35:10]} Ba6 {[%clk 1:00:04]} 12. Qc2
{[%clk 1:23:37]} g6 {[%clk 0:57:41]} 13. Nd2 {[%clk 1:23:05]} Bg7
{[%clk 0:50:41]} 14. c5 {[%clk 1:00:38]} Bxf1 {[%clk 0:43:03]} 15. Kxf1
{[%clk 1:00:25]} Nd5 {[%clk 0:41:20]} 16. Bg5 {[%clk 0:59:32]} Qc7
{[%clk 0:25:29]} 17. Re1+ {[%clk 0:53:39]} Kd7 {[%clk 0:22:39]} 18. Ne4
{[%clk 0:40:48]} Rhe8 {[%clk 0:18:43]} 19. Rd1 {[%clk 0:27:59]} Be5
{[%clk 0:15:04]} 20. Rh3 {[%clk 0:28:06]} f5 {[%clk 0:14:11]} 21. cxd6
{[%clk 0:26:43]} Qb6 {[%clk 0:11:29]} 22. Nc5+ {[%clk 0:26:58]} Kxd6
{[%clk 0:10:55]} 23. Nb3 {[%clk 0:26:01]} Rab8 {[%clk 0:05:03]} 24. Rhd3
{[%clk 0:25:41]} Qb5 {[%clk 0:04:24]} 25. Kg1 {[%clk 0:24:28]} a5
{[%clk 0:01:05]} 26. a4 {[%clk 0:23:39]} Qxa4 {[%clk 0:00:37]} 27. Qc5+
{[%clk 0:23:37]} Kc7 {[%clk 0:00:34]} 28. Rxd5 {[%clk 0:23:13]} Qb5
{[%clk 0:00:31]} 29. Qa7+ {[%clk 0:17:49]} Rb7 {[%clk 0:00:37]} 30. Rxb5
{[%clk 0:17:21]} Rxa7 {[%clk 0:00:56]} 31. Rxe5 {[%clk 0:17:22]} 1-0

[Event "MARIENBAD OPEN 2020 - A, B - closed tournaments"]
[Site "?"]
[Date "2020.01.23"]
[Round "7"]
[White "Gorbatov, Alexej"]
[Black "Strebkovs, Andrejs"]
[Result "1/2-1/2"]
[BlackElo "2278"]
[WhiteElo "2355"]
[LiveChessVersion "1.4.8"]

1. d4 {[%clk 1:30:59]} d5 {[%clk 1:30:36]} 2. Nc3 {[%clk 1:31:04]} Nf6
{[%clk 1:29:28]} 3. Bf4 {[%clk 1:31:23]} g6 {[%clk 1:29:18]} 4. Qd2
{[%clk 1:29:37]} Bg7 {[%clk 1:29:08]} 5. Bh6 {[%clk 1:27:35]} Bxh6
{[%clk 1:27:10]} 6. Qxh6 {[%clk 1:27:58]} c5 {[%clk 1:26:35]} 7. dxc5
{[%clk 1:26:31]} Qa5 {[%clk 1:25:02]} 8. O-O-O {[%clk 1:23:43]} Qxc5
{[%clk 1:23:11]} 9. e3 {[%clk 1:19:27]} Nc6 {[%clk 1:22:38]} 10. Nge2
{[%clk 1:16:58]} Bf5 {[%clk 1:19:52]} 11. Nd4 {[%clk 1:07:44]} O-O-O
{[%clk 1:09:53]} 12. Bb5 {[%clk 1:07:07]} Ne4 {[%clk 1:05:31]} 13. Nxe4 Bxe4 14.
Bxc6 {[%clk 1:06:01]} bxc6 {[%clk 1:02:46]} 15. f3 {[%clk 1:06:13]} Bf5
{[%clk 0:58:34]} 16. Nxf5 {[%clk 1:01:10]} gxf5 {[%clk 0:58:59]} 17. Rd3
{[%clk 1:01:32]} Qd6 {[%clk 0:55:53]} 18. Qg7 {[%clk 0:56:49]} f6
{[%clk 0:53:09]} 19. Qh6 {[%clk 0:53:31]} Rdg8 {[%clk 0:49:24]} 20. g3
{[%clk 0:53:39]} Kc7 {[%clk 0:44:51]} 21. Ra3 {[%clk 0:51:03]} Ra8
{[%clk 0:44:41]} 22. Rd1 {[%clk 0:50:30]} Rhb8 {[%clk 0:42:52]} 23. Rd4
{[%clk 0:38:40]} Qe5 {[%clk 0:41:38]} 24. f4 {[%clk 0:33:54]} Qe6
{[%clk 0:39:46]} 25. Qh5 {[%clk 0:31:19]} a5 {[%clk 0:39:05]} 26. Qe2
{[%clk 0:29:25]} Rb5 {[%clk 0:38:10]} 27. c4 {[%clk 0:25:23]} Rc5
{[%clk 0:33:50]} 28. Rc3 {[%clk 0:25:39]} Rxc4 {[%clk 0:32:53]} 29. Rdxc4
{[%clk 0:24:04]} dxc4 {[%clk 0:33:19]} 30. Qxc4 {[%clk 0:24:25]} Qxc4
{[%clk 0:28:44]} 31. Rxc4 {[%clk 0:24:53]} Rb8 {[%clk 0:28:50]} 32. Kc2
{[%clk 0:24:54]} e6 {[%clk 0:26:56]} 33. Kc3 {[%clk 0:24:34]} h5 {[%clk 0:26:00]}
34. Ra4 {[%clk 0:22:19]} Rb5 {[%clk 0:25:22]} 35. b4 {[%clk 0:22:20]} axb4+
{[%clk 0:22:13]} 36. Rxb4 {[%clk 0:22:47]} Ra5 {[%clk 0:22:05]} 37. Kb3
{[%clk 0:23:14]} Rd5 {[%clk 0:20:09]} 38. Kc2 {[%clk 0:21:45]} Ra5
{[%clk 0:19:11]} 39. Kb3 {[%clk 0:20:47]} Rd5 {[%clk 0:19:33]} 40. Kc2
{[%clk 0:21:14]} Ra5 {[%clk 0:19:56]} 1/2-1/2

[Event "MARIENBAD OPEN 2020 - A, B - closed tournaments"]
[Site "?"]
[Date "2020.01.23"]
[Round "7"]
[White "Nguyen, Alex Dac-Vuong"]
[Black "Marszalek, Maciej"]
[Result "0-1"]
[BlackElo "2314"]
[WhiteElo "2401"]
[LiveChessVersion "1.4.8"]

1. c4 {[%clk 1:30:57]} g6 {[%clk 1:30:20]} 2. g3 {[%clk 1:31:17]} Bg7
{[%clk 1:30:41]} 3. Bg2 {[%clk 1:31:40]} Nf6 {[%clk 1:30:32]} 4. Nc3
{[%clk 1:32:01]} O-O {[%clk 1:30:52]} 5. e4 {[%clk 1:32:23]} d6 {[%clk 1:31:08]}
6. Nge2 {[%clk 1:32:15]} c5 {[%clk 1:31:13]} 7. O-O {[%clk 1:27:48]} Nc6
{[%clk 1:31:05]} 8. d3 {[%clk 1:28:11]} Ne8 {[%clk 1:27:59]} 9. Be3
{[%clk 1:28:04]} Nd4 {[%clk 1:28:11]} 10. h3 {[%clk 1:14:40]} Nc7
{[%clk 1:27:33]} 11. Rb1 {[%clk 1:13:08]} Rb8 {[%clk 1:24:44]} 12. b4
{[%clk 1:09:18]} Bd7 {[%clk 1:22:07]} 13. f4 {[%clk 0:53:52]} b6 {[%clk 1:08:00]}
14. Qd2 {[%clk 0:47:38]} f5 {[%clk 1:05:16]} 15. bxc5 {[%clk 0:43:14]} bxc5
{[%clk 1:05:17]} 16. Rxb8 {[%clk 0:42:55]} Qxb8 {[%clk 1:05:09]} 17. Rb1
{[%clk 0:43:11]} Qd8 {[%clk 0:49:49]} 18. Nd5 {[%clk 0:34:07]} Nxe2+
{[%clk 0:46:55]} 19. Qxe2 {[%clk 0:34:30]} fxe4 {[%clk 0:46:30]} 20. dxe4
{[%clk 0:34:05]} Ne6 {[%clk 0:46:09]} 21. f5 {[%clk 0:30:54]} Nd4
{[%clk 0:43:44]} 22. Bxd4 {[%clk 0:29:59]} Bxd4+ {[%clk 0:44:01]} 23. Kh1
{[%clk 0:30:23]} e6 {[%clk 0:44:00]} 24. fxe6 {[%clk 0:16:42]} Bxe6
{[%clk 0:43:55]} 25. Rf1 {[%clk 0:12:28]} Be5 {[%clk 0:41:01]} 26. Rxf8+
{[%clk 0:11:47]} Qxf8 {[%clk 0:41:22]} 27. Kh2 {[%clk 0:12:09]} h5
{[%clk 0:39:23]} 28. Qf3 {[%clk 0:09:07]} h4 {[%clk 0:37:25]} 29. Qxf8+
{[%clk 0:09:32]} Kxf8 {[%clk 0:37:51]} 30. Bf3 {[%clk 0:07:59]} Bxg3+
{[%clk 0:37:21]} 31. Kg2 {[%clk 0:08:22]} Kf7 {[%clk 0:30:31]} 32. Be2
{[%clk 0:04:35]} a5 {[%clk 0:29:32]} 33. Bf1 {[%clk 0:01:53]} Bd7
{[%clk 0:28:43]} 34. Be2 {[%clk 0:02:00]} Be1 {[%clk 0:28:27]} 35. Nb6
{[%clk 0:00:51]} Bc6 {[%clk 0:28:16]} 36. Bf3 {[%clk 0:00:37]} Ke6
{[%clk 0:27:12]} 37. Kf1 {[%clk 0:01:06]} Bd2 {[%clk 0:26:08]} 38. Ke2
{[%clk 0:01:33]} Bg5 {[%clk 0:26:30]} 39. Kd3 {[%clk 0:01:49]} Ke5
{[%clk 0:24:49]} 40. Nd5 {[%clk 0:01:47]} Bd7 {[%clk 0:24:45]} 41. Bg2
{[%clk 0:01:28]} Bd8 {[%clk 0:21:30]} 42. Bf1 {[%clk 0:24:19]} a4
{[%clk 0:38:46]} 43. Bg2 {[%clk 0:19:25]} Ba5 {[%clk 0:35:14]} 44. Bf1
{[%clk 0:16:43]} a3 {[%clk 0:26:52]} 45. Ne3 {[%clk 0:11:15]} Kf4
{[%clk 0:26:17]} 46. Nc2 {[%clk 0:11:19]} Bb4 {[%clk 0:26:00]} 47. Bg2
{[%clk 0:11:37]} Kg3 {[%clk 0:26:11]} 48. Bf1 {[%clk 0:11:56]} Kf2
{[%clk 0:25:21]} 49. Ne3 {[%clk 0:12:19]} Ba5 {[%clk 0:22:47]} 50. Bg2
{[%clk 0:12:37]} Bd8 {[%clk 0:22:43]} 51. e5 {[%clk 0:12:13]} Bg5
{[%clk 0:22:17]} 52. Bd5 {[%clk 0:11:54]} Bxe3 {[%clk 0:22:04]} 53. e6
{[%clk 0:12:21]} Be8 {[%clk 0:22:30]} 0-1